[Event "Hastings Weekend op-B"]
[Site "Hastings"]
[Date "2024.01.06"]
[Round "3"]
[White "Gartside, Carl"]
[Black "Masani, Matthew"]
[Result "1-0"]
[WhiteElo "1688"]
[BlackElo "1501"]
[PlyCount "110"]
[EventDate "2024.01.06"]
[EventType "swiss"]
[EventRounds "5"]
[EventCountry "ENG"]
[SourceTitle "CB02_2024"]
[SourceDate "2024.01.10"]
[SourceVersion "1"]
[SourceVersionDate "2024.01.10"]
[SourceQuality "1"]

1. e4 d5 2. exd5 Nf6 3. d4 Bg4 4. Be2 Bxe2 5. Qxe2 Qxd5 6. Nf3 e6 7. 0-0 Bd6 8. Nc3 Qh5 9. Ne4 Bxh2+ 10. Kh1 Nc6 11. Nxf6+ gxf6 12. Ng1 Qxe2 13. Nxe2 Bd6 14. g3 0-0-0 15. Kg2 h5 16. Rh1 Be7 17. Be3 f5 18. Rh3 Bf6 19. c3 h4 20. Rah1 hxg3 21. Nxg3 Rh5 22. Rh4 Rxh4 23. Rh2 Rh3 24. Rxh3 Rh8 25. Rxh8+ Bxh8 26. Nh5 Kd7 27. Kf3 f6 28. Ng3 Ne7 29. Ne2 e5 30. Bc1 Nd5 31. a3 b5 32. Be3 a5 33. Bd2 a4 34. Bh6 Nb6 35. Bc1 Nc4 36. Kg3 f4+ 37. Kf3 Ke6 38. dxe5 fxe5 39. Ng1 Kf5 40. Ke2 e4 41. Kd1 Be5 42. f3 Bd6 43. Ke2 c5 44. Nh3 e3 45. Ng1 b4 46. Kd3 Na5 47. cxb4 cxb4 48. axb4 Bxb4 49. Ne2 Nb3 50. Kc2 Ke5 51. Ng1 Nd4+ 52. Kd3 Nb3 53. Ne2 Nc5+ 54. Kc2 Nb3 55. Kd3 Nxc1+ 1-0

[Event "GBR-ch Soanes op 106th"]
[Site "Torquay"]
[Date "2019.07.28"]
[Round "4"]
[White "Gartside, Carl"]
[Black "Wilby, Robert G"]
[Result "1-0"]
[WhiteElo "1776"]
[BlackElo "1757"]
[PlyCount "147"]
[EventDate "2019.07.26"]
[EventType "swiss"]
[EventRounds "5"]
[EventCountry "ENG"]
[SourceTitle "EXT 2021"]
[Source "ChessBase"]
[SourceDate "2020.10.23"]
[SourceVersion "1"]
[SourceVersionDate "2020.10.23"]
[SourceQuality "1"]

1. d4 e6 2. c4 c5 3. d5 d6 4. Nc3 Bd7 5. e4 e5 6. Bd3 Na6 7. a3 g6 8. Nf3 Be7 9. Qe2 Qa5 10. Bd2 Qb6 11. Rb1 Nf6 12. 0-0 h5 13. Ng5 Nh7 14. Nxh7 Rxh7 15. f4 Bg4 16. Qf2 Bd7 17. fxe5 dxe5 18. Be3 Qd6 19. Na2 b6 20. b4 f6 21. Rb2 Rc8 22. Rfb1 Rf7 23. Qc2 f5 24. exf5 gxf5 25. Rf1 e4 26. Be2 Qg6 27. Qd1 Rh7 28. b5 Bf6 29. Rd2 Nc7 30. Bf4 Kf7 31. Qb3 Bd4+ 32. Kh1 Rg8 33. Qh3 Ne8 34. Bd1 Nf6 35. Nc3 Bxc3 36. Qxc3 Ng4 37. Bxg4 hxg4 38. g3 Ra8 39. a4 Rhh8 40. Qe5 Rac8 41. d6 Qe6 42. Qc3 Rce8 43. Rd5 Qg6 44. a5 Be6 45. Re5 Rd8 46. Rd1 Rd7 47. Rd2 Qg8 48. Rxe6 Kxe6 49. Qe5+ Kf7 50. Qxf5+ Ke8 51. Qxe4+ Kf8 52. Re2 Qf7 53. Be3 Qf3+ 54. Qxf3+ gxf3 55. Rf2 Rxd6 56. Rxf3+ Ke8 57. axb6 axb6 58. Kg2 Rh7 59. h4 Rd3 60. Bf4 Rd4 61. Rc3 Kd7 62. Kf3 Re7 63. h5 Ke6 64. Kg4 Kf7 65. Kf5 Ree4 66. Ra3 Rxc4 67. Ra7+ Re7 68. Rxe7+ Kxe7 69. h6 Kf7 70. g4 Kg8 71. Be5 Kh7 72. g5 Rc1 73. g6+ Kxh6 74. Bf4+ 1-0

[Event "GBR-ch 105th U2050"]
[Site "Hull"]
[Date "2018.08.01"]
[Round "3"]
[White "Kesterson, Kennan"]
[Black "Gartside, Carl"]
[Result "1/2-1/2"]
[WhiteElo "1639"]
[BlackElo "1828"]
[PlyCount "73"]
[EventDate "2018.07.30"]
[EventType "swiss"]
[EventRounds "5"]
[EventCountry "ENG"]
[SourceTitle "EXT 2019"]
[Source "ChessBase"]
[SourceDate "2018.10.10"]
[SourceVersion "1"]
[SourceVersionDate "2018.10.10"]
[SourceQuality "1"]

1. e4 c5 2. Nc3 a6 3. g3 Nc6 4. Bg2 e6 5. d3 g6 6. Be3 d6 7. f4 Nge7 8. Nf3 Bg7 9. 0-0 Bd7 10. Qd2 0-0 11. g4 f5 12. h3 Qc7 13. Nh4 Nd4 14. Rab1 Rac8 15. Ne2 b5 16. c3 Nxe2+ 17. Qxe2 Kh8 18. exf5 exf5 19. g5 Rfe8 20. Qf2 Bc6 21. Nf3 b4 22. cxb4 Nd5 23. Bd2 Nxb4 24. Bxb4 cxb4 25. Rfc1 Qf7 26. a3 Bb5 27. axb4 Bxd3 28. Rxc8 Bxb1 29. Rxe8+ Qxe8 30. Qb6 d5 31. Ne5 Bxe5 32. fxe5 Qxe5 33. Qd8+ Kg7 34. Qd7+ Kf8 35. Qd8+ Kg7 36. Qd7+ Kf8 37. Qd8+ 1/2-1/2

[Event "GBR-ch 105th U2050"]
[Site "Hull"]
[Date "2018.07.31"]
[Round "2"]
[White "Gartside, Carl"]
[Black "Lewis, David"]
[Result "1-0"]
[WhiteElo "1828"]
[BlackElo "1583"]
[PlyCount "70"]
[EventDate "2018.07.30"]
[EventType "swiss"]
[EventRounds "5"]
[EventCountry "ENG"]
[SourceTitle "EXT 2019"]
[Source "ChessBase"]
[SourceDate "2018.10.10"]
[SourceVersion "1"]
[SourceVersionDate "2018.10.10"]
[SourceQuality "1"]

1. d4 Nf6 2. c4 c5 3. d5 e6 4. Nc3 exd5 5. cxd5 d6 6. e4 g6 7. f4 Bg7 8. Bb5+ Bd7 9. e5 Ng8 10. Nf3 Bxb5 11. Nxb5 Qa5+ 12. Nc3 Nd7 13. e6 fxe6 14. dxe6 Nb6 15. Bd2 Qa6 16. a4 Qd3 17. a5 Nc4 18. Qa4+ Kf8 19. Qd7 Ne7 20. Qxb7 Re8 21. 0-0-0 Nxa5 22. Qb5 Qxb5 23. Nxb5 Rb8 24. Nxd6 Nb3+ 25. Kc2 Nxd2 26. Rxd2 Rxb2+ 27. Kd3 Rb3+ 28. Ke2 Nc6 29. Nf7 Rg8 30. Rhd1 Nd4+ 31. Kf2 Nxe6 32. N7g5 Nd4 33. Nxh7+ Ke7 34. Ra1 Nc6 35. Re1+ Kf7 1-0

[Event "GBR-ch 105th Morning op"]
[Site "Hull"]
[Date "2018.07.30"]
[Round "1"]
[White "Brown, Tom"]
[Black "Gartside, Carl"]
[Result "1-0"]
[WhiteElo "2066"]
[BlackElo "1828"]
[PlyCount "75"]
[EventDate "2018.07.30"]
[EventType "swiss"]
[EventRounds "5"]
[EventCountry "ENG"]
[SourceTitle "EXT 2019"]
[Source "ChessBase"]
[SourceDate "2018.10.10"]
[SourceVersion "1"]
[SourceVersionDate "2018.10.10"]
[SourceQuality "1"]

1. Nf3 Nf6 2. c4 e6 3. g3 c5 4. Bg2 d5 5. b3 Nc6 6. 0-0 Be7 7. Bb2 0-0 8. e3 dxc4 9. bxc4 Qd3 10. Qc1 e5 11. Nxe5 Nxe5 12. Bxe5 Ne4 13. Nc3 Nxc3 14. Qxc3 Rd8 15. Bxg7 Qxd2 16. Qxd2 Rxd2 17. Bc3 Rd3 18. Rac1 Be6 19. Bxb7 Rad8 20. Be4 R3d6 21. Bd5 Bxd5 22. cxd5 Rxd5 23. f4 f5 24. Kf2 h5 25. Rfe1 Kf7 26. Rc2 h4 27. e4 fxe4 28. Rxe4 hxg3+ 29. hxg3 Rd3 30. Ree2 Rd1 31. Red2 Rh1 32. Kg2 Rxd2+ 33. Rxd2 Rc1 34. Bb2 Rb1 35. g4 Ke6 36. Re2+ Kd6 37. g5 c4 38. Ba3+ 1-0

[Event "GBR-ch 105th Weekend op"]
[Site "Hull"]
[Date "2018.07.28"]
[Round "3"]
[White "Gartside, Carl"]
[Black "Hamilton, Selwyn L"]
[Result "1-0"]
[WhiteElo "1828"]
[BlackElo "1656"]
[PlyCount "121"]
[EventDate "2018.07.27"]
[EventType "swiss"]
[EventRounds "5"]
[EventCountry "ENG"]
[SourceTitle "EXT 2019"]
[Source "ChessBase"]
[SourceDate "2018.10.10"]
[SourceVersion "1"]
[SourceVersionDate "2018.10.10"]
[SourceQuality "1"]

1. d4 d5 2. c4 e6 3. Nc3 Be7 4. cxd5 exd5 5. Nf3 Nf6 6. Bg5 c6 7. e3 Bf5 8. Qb3 Qc8 9. Rc1 Be6 10. Bxf6 gxf6 11. Bd3 Nd7 12. Qc2 Nf8 13. e4 Ng6 14. exd5 cxd5 15. Bb5+ Kf8 16. Qd2 Qd8 17. Qh6+ Kg8 18. Bd3 Bf8 19. Qd2 Kg7 20. 0-0 a6 21. Ne2 Bd6 22. Rc2 Qd7 23. Ng3 Bxg3 24. fxg3 Rhc8 25. Qf2 Rxc2 26. Bxc2 Bf5 27. Bb3 Be6 28. Nh4 Qe7 29. Re1 Qd6 30. Qf3 Nxh4 31. gxh4 Rd8 32. Rf1 Bc8 33. Qh5 Qb4 34. Qd1 Be6 35. Rf3 Rg8 36. Rg3+ Kh8 37. Rxg8+ Kxg8 38. h3 Kg7 39. Kh2 a5 40. Qd3 Qe1 41. Qg3+ Qxg3+ 42. Kxg3 Kf8 43. Kf4 Ke7 44. Bc2 h6 45. Bf5 Kf8 46. g4 Kg7 47. a3 a4 48. Bc2 b5 49. Bd1 Kg6 50. Be2 Bd7 51. h5+ Kg7 52. h4 Kf8 53. g5 hxg5+ 54. hxg5 fxg5+ 55. Kxg5 Kg7 56. h6+ Kh7 57. Bd3+ Kh8 58. Kf6 Be6 59. Bxb5 Kh7 60. Bxa4 Kxh6 61. Be8 1-0

[Event "GBR-ch U2050 op 104th"]
[Site "Llandudno"]
[Date "2017.08.01"]
[Round "2"]
[White "Nayak, Raghav"]
[Black "Gartside, Carl"]
[Result "1-0"]
[WhiteElo "1737"]
[BlackElo "1863"]
[PlyCount "69"]
[EventDate "2017.07.31"]
[EventType "swiss"]
[EventRounds "5"]
[EventCountry "WLS"]
[SourceTitle "EXT 2019"]
[Source "ChessBase"]
[SourceDate "2018.10.10"]
[SourceVersion "1"]
[SourceVersionDate "2018.10.10"]
[SourceQuality "1"]

1. e4 c5 2. Nc3 a6 3. a4 b6 4. Nf3 e6 5. Bc4 Bb7 6. Qe2 Nc6 7. 0-0 Be7 8. Rd1 Qc7 9. d4 cxd4 10. Nxd4 Nxd4 11. Rxd4 Bf6 12. Rd1 Rc8 13. Bxa6 Bxc3 14. bxc3 Nf6 15. Ba3 Bxa6 16. Qxa6 Nxe4 17. Rd4 Nc5 18. Bxc5 bxc5 19. Rd6 Ke7 20. Rad1 Ra8 21. Qd3 Ra7 22. a5 g6 23. a6 Rd8 24. Qg3 f6 25. Qh4 h5 26. Qg3 g5 27. Qd3 f5 28. Qg3 Rg8 29. h4 g4 30. Qf4 Rg6 31. Qe5 Rf6 32. Rxd7+ Qxd7 33. Rxd7+ Rxd7 34. a7 Rf8 35. Qg7+ 1-0

[Event "GBR-ch U1900 op 104th"]
[Site "Llandudno"]
[Date "2017.07.31"]
[Round "1"]
[White "Gartside, Carl"]
[Black "Welch, David"]
[Result "1-0"]
[WhiteElo "1863"]
[BlackElo "1678"]
[PlyCount "82"]
[EventDate "2017.07.31"]
[EventType "swiss"]
[EventRounds "5"]
[EventCountry "WLS"]
[SourceTitle "EXT 2019"]
[Source "ChessBase"]
[SourceDate "2018.10.10"]
[SourceVersion "1"]
[SourceVersionDate "2018.10.10"]
[SourceQuality "1"]

1. e4 c5 2. Nf3 Nc6 3. d4 cxd4 4. Nxd4 e5 5. Nb5 d6 6. c4 Nf6 7. N1c3 a6 8. Na3 Qa5 9. Bd3 Nb4 10. 0-0 Nxd3 11. Qxd3 Be6 12. Nc2 Be7 13. Ne3 0-0 14. Rd1 Rfc8 15. b3 b5 16. Bd2 bxc4 17. Nxc4 Bxc4 18. bxc4 Qc7 19. Nd5 Nxd5 20. cxd5 Qc2 21. Be3 Qxd3 22. Rxd3 Rc4 23. f3 Rb8 24. Rc1 Rxc1+ 25. Bxc1 Rb1 26. Rc3 f5 27. Kf2 Ra1 28. Rc2 fxe4 29. fxe4 Kf7 30. Ke2 Bd8 31. Kd3 Bb6 32. Ba3 Rd1+ 33. Ke2 Rd4 34. Bxd6 Rxe4+ 35. Kf3 Re3+ 36. Kg4 Re4+ 37. Kh3 g5 38. g3 g4+ 39. Kh4 Bd8+ 40. Kh5 Rd4 41. Rf2+ Kg7 1-0

[Event "BCF-ch Weekend op"]
[Site "Bournemouth"]
[Date "2016.07.30"]
[Round "3"]
[White "Gartside, Carl"]
[Black "Matthews, Adrian MS"]
[Result "1/2-1/2"]
[WhiteElo "1901"]
[BlackElo "1883"]
[PlyCount "41"]
[EventDate "2016.07.29"]
[EventType "swiss"]
[EventRounds "5"]
[EventCountry "ENG"]
[SourceTitle "CBM 173 Extra"]
[Source "ChessBase"]
[SourceDate "2016.08.29"]
[SourceVersion "1"]
[SourceVersionDate "2016.08.29"]
[SourceQuality "1"]

1. e4 c5 2. Nf3 Nc6 3. d4 cxd4 4. Nxd4 Nf6 5. Nc3 e5 6. Ndb5 d6 7. Bg5 a6 8. Na3 b5 9. Nd5 Be7 10. Bxf6 Bxf6 11. c3 0-0 12. Nxf6+ Qxf6 13. Nc2 Ne7 14. Ne3 Bb7 15. Bd3 Qg5 16. Qe2 d5 17. exd5 Nxd5 18. h4 Qh6 19. Nf5 Qe6 20. Qg4 g6 21. 0-0-0 1/2-1/2

[Event "BCF-ch 103rd U180/2050"]
[Site "Bournemouth"]
[Date "2016.07.29"]
[Round "5"]
[White "Hibbitt, Arthur M"]
[Black "Gartside, Carl"]
[Result "0-1"]
[WhiteElo "1760"]
[BlackElo "1901"]
[PlyCount "61"]
[EventDate "2016.07.25"]
[EventType "swiss"]
[EventRounds "5"]
[EventCountry "ENG"]
[SourceTitle "EXT 2019"]
[Source "ChessBase"]
[SourceDate "2018.10.10"]
[SourceVersion "1"]
[SourceVersionDate "2018.10.10"]
[SourceQuality "1"]

1. f4 d5 2. Nf3 g6 3. g3 Bg7 4. Bg2 Nh6 5. 0-0 0-0 6. d3 d4 7. e3 dxe3 8. Bxe3 Bxb2 9. Nbd2 Bxa1 10. Qxa1 Nf5 11. Bf2 Nc6 12. g4 Nd6 13. h3 Be6 14. Ne4 Nxe4 15. dxe4 Bc4 16. Rd1 Qc8 17. f5 Be2 18. Rd2 Bxf3 19. Bxf3 Rd8 20. Re2 Qd7 21. Re1 f6 22. fxg6 hxg6 23. Qc1 Qd2 24. Qb1 Ne5 25. Bg2 b6 26. Be3 Qc3 27. g5 fxg5 28. Bxg5 Nf3+ 29. Bxf3 Qxf3 30. h4 Rf8 31. Qb5 0-1

[Event "BCF-ch 103rd U180/2050"]
[Site "Bournemouth"]
[Date "2016.07.28"]
[Round "4"]
[White "Gartside, Carl"]
[Black "Ashworth, Robert M"]
[Result "0-1"]
[WhiteElo "1901"]
[BlackElo "1560"]
[PlyCount "120"]
[EventDate "2016.07.25"]
[EventType "swiss"]
[EventRounds "5"]
[EventCountry "ENG"]
[SourceTitle "EXT 2019"]
[Source "ChessBase"]
[SourceDate "2018.10.10"]
[SourceVersion "1"]
[SourceVersionDate "2018.10.10"]
[SourceQuality "1"]

1. e4 e5 2. Nf3 Nc6 3. Bb5 a6 4. Ba4 Nf6 5. Bxc6 dxc6 6. d3 Nd7 7. Nbd2 Bd6 8. Nc4 0-0 9. Bd2 Re8 10. Bc3 f6 11. Qd2 Nf8 12. Ne3 Be6 13. h3 Ng6 14. 0-0-0 Qe7 15. Kb1 b5 16. b3 a5 17. Nf5 Bxf5 18. exf5 Nf4 19. g3 Nd5 20. Bb2 a4 21. Rhe1 axb3 22. cxb3 Bb4 23. Qc2 Bxe1 24. Rxe1 Qd6 25. a3 c5 26. Rc1 Ne7 27. g4 Rad8 28. Ne1 c6 29. Qxc5 Qxc5 30. Rxc5 Rd5 31. Rc1 Red8 32. Rc3 R5d6 33. Rc2 Nd5 34. Bc1 Nf4 35. Bxf4 exf4 36. Kb2 Re8 37. Ng2 Rxd3 38. Nxf4 Rd6 39. Kc3 Re5 40. Kb2 Kf7 41. Ng2 Red5 42. Ne3 Rd2 43. Kc3 Rxc2+ 44. Nxc2 Ke7 45. Nd4 Kd7 46. f4 Rd5 47. h4 Rc5+ 48. Kb4 Rc1 49. Ne6 g6 50. Nf8+ Ke7 51. Nxg6+ hxg6 52. fxg6 Kf8 53. f5 Rg1 54. g5 fxg5 55. hxg5 Rxg5 56. Kc5 Rg3 57. f6 Rxb3 58. Kxc6 Rxa3 59. Kxb5 Rg3 60. g7+ Kf7 0-1

[Event "BCF-ch Week1 PM op"]
[Site "Bournemouth"]
[Date "2016.07.25"]
[Round "1"]
[White "Rushbrooke, Remy"]
[Black "Gartside, Carl"]
[Result "0-1"]
[WhiteElo "1586"]
[BlackElo "1901"]
[PlyCount "133"]
[EventDate "2016.07.25"]
[EventType "swiss"]
[EventRounds "5"]
[EventCountry "ENG"]
[SourceTitle "CBM 173 Extra"]
[Source "ChessBase"]
[SourceDate "2016.08.29"]
[SourceVersion "1"]
[SourceVersionDate "2016.08.29"]
[SourceQuality "1"]

1. e4 e6 2. d4 d5 3. e5 c5 4. Nf3 cxd4 5. Bd3 f6 6. Qe2 Nc6 7. 0-0 fxe5 8. Nxe5 Nf6 9. Bg5 Nxe5 10. Qxe5 Bd6 11. Qxd4 0-0 12. f4 Qc7 13. Kh1 h6 14. Bxf6 Rxf6 15. Nc3 Bd7 16. Bb5 Bc6 17. Bxc6 bxc6 18. f5 e5 19. Qd2 Rb8 20. b3 Bb4 21. a3 Bd6 22. h3 Qe7 23. Rae1 Bxa3 24. Nxd5 cxd5 25. Qxd5+ Qf7 26. Qxe5 Bd6 27. Qa5 Bb4 28. Qe5 Rf8 29. Re4 Bd6 30. Qd4 Bb8 31. g4 Rd6 32. Qe3 Qd5 33. Kg1 Qd2 34. Qxd2 Rxd2 35. Rf2 Rxf2 36. Kxf2 Kf7 37. Kf3 Rd8 38. Rb4 Rc8 39. c4 Bd6 40. Rb7+ Rc7 41. Rxc7+ Bxc7 42. Ke4 a5 43. Kd5 Ke7 44. Kc6 Kd8 45. h4 Bg3 46. h5 Be1 47. Kd5 Kc7 48. Kd4 Kc6 49. g5 hxg5 50. f6 gxf6 51. h6 Bf2+ 52. Ke4 f5+ 53. Kxf5 g4 54. Kxg4 Kc5 55. Kf3 Bd4 56. Ke4 Bc3 57. Kd3 Ba1 58. h7 Bb2 59. Kc2 Ba1 60. Kb1 Bd4 61. Ka2 Kb4 62. Kb1 Kxb3 63. c5 a4 64. c6 a3 65. c7 a2+ 66. Kc1 a1Q+ 67. Kd2 0-1

[Event "BCF-ch Atkins op"]
[Site "Coventry"]
[Date "2015.08.01"]
[Round "2"]
[White "Gartside, Carl"]
[Black "George, Richard M"]
[Result "0-1"]
[WhiteElo "1826"]
[BlackElo "1945"]
[PlyCount "130"]
[EventDate "2015.07.31"]
[EventType "swiss"]
[EventRounds "5"]
[EventCountry "ENG"]
[SourceTitle "CBM 167 Extra"]
[Source "ChessBase"]
[SourceDate "2015.09.14"]
[SourceVersion "1"]
[SourceVersionDate "2015.09.14"]
[SourceQuality "1"]

1. e4 d5 2. exd5 Nf6 3. d4 Bg4 4. f3 Bf5 5. Bb5+ Nbd7 6. c4 a6 7. Bxd7+ Qxd7 8. Ne2 e6 9. dxe6 Bb4+ 10. Nbc3 Bxe6 11. d5 Bf5 12. 0-0 0-0-0 13. Qd4 b6 14. Qd1 Kb7 15. Be3 Rhe8 16. Bf2 g5 17. Nd4 Bc5 18. Nc6 Bxf2+ 19. Rxf2 Ra8 20. c5 Nxd5 21. Na5+ bxa5 22. Nxd5 Red8 23. Qb3+ Qb5 24. c6+ Kb8 25. Nc3 Qxb3 26. axb3 Ka7 27. Rxa5 Be6 28. b4 Kb6 29. Rc5 Rd4 30. Na4+ Ka7 31. Rxg5 Rxb4 32. Nc5 Rd8 33. g4 Rd1+ 34. Kg2 Bd5 35. Rh5 Rxg4+ 36. Kh3 Rg7 37. Rh6 f5 38. Rf6 Rdg1 39. Rxf5 Bxc6 40. Ne4 Bd7 41. Ng3 Rf7 42. Kg4 Rxg3+ 43. hxg3 Bxf5+ 44. Kg5 Bg6 45. f4 Rf5+ 46. Kh4 Rh5+ 47. Kg4 Rb5 48. f5 Bf7 49. Kg5 Rb6 50. g4 c5 51. Rh2 Bg8 52. Rd2 Rb7 53. f6 Bf7 54. Kf5 Bg6+ 55. Ke6 Kb6 56. Rf2 Bf7+ 57. Kd6 Kb5 58. Rh2 Bg6 59. Rh3 Kb4 60. Kc6 Rb5 61. Kd6 c4 62. Rh6 Kb3 63. Rh2 Ka2 64. Ke7 Rb7+ 65. Ke6 Rxb2 0-1

[Event "BCF-ch U180"]
[Site "Coventry"]
[Date "2015.07.31"]
[Round "5"]
[White "Clarke, Ian J"]
[Black "Gartside, Carl"]
[Result "0-1"]
[WhiteElo "2005"]
[BlackElo "1826"]
[PlyCount "166"]
[EventDate "2015.07.27"]
[EventType "swiss"]
[EventRounds "5"]
[EventCountry "ENG"]
[SourceTitle "EXT 2016"]
[Source "ChessBase"]
[SourceDate "2015.10.08"]
[SourceVersion "1"]
[SourceVersionDate "2015.10.08"]
[SourceQuality "1"]

1. e4 c5 2. Nc3 Nc6 3. f4 g6 4. Nf3 Bg7 5. Bb5 Nd4 6. 0-0 Nxb5 7. Nxb5 d5 8. e5 a6 9. Nc3 e6 10. d4 Qc7 11. b3 Ne7 12. dxc5 Qxc5+ 13. Qd4 Qxd4+ 14. Nxd4 Nc6 15. Nxc6 bxc6 16. Ba3 Bd7 17. Na4 0-0-0 18. Rac1 Kb7 19. Rfd1 f6 20. Be7 Ra8 21. Nc5+ Kc8 22. exf6 Bf8 23. c4 Bxe7 24. fxe7 Re8 25. cxd5 exd5 26. Re1 Ra7 27. Nd3 Kc7 28. Re5 Kd6 29. Nc5 Rxe7 30. Kf2 Bf5 31. Rxe7 Kxe7 32. Ke3 Kd6 33. Kd2 h5 34. g3 Bg4 35. Nd3 Bf5 36. Nc5 a5 37. Nd3 Re7 38. Ne5 c5 39. Rd1 a4 40. Kc3 d4+ 41. Kb2 Rb7 42. Nc4+ Kd7 43. Ka3 axb3 44. axb3 Bc2 45. Rd2 Rxb3+ 46. Ka2 Rc3 47. Ne5+ Kd6 48. Kb2 Bf5 49. Re2 Kd5 50. Nf7 Kc6 51. Ne5+ Kb5 52. Nf7 Kb4 53. Re8 Rc2+ 54. Ka1 d3 55. Rb8+ Kc3 56. Nd6 Kd2 57. Kb1 Kd1 58. Re8 d2 59. Nxf5 gxf5 60. Re5 Rc4 61. Kb2 Rb4+ 62. Kc3 Kc1 63. Rxc5 d1Q 64. Kxb4+ Kb2 65. Kc4 Qg4 66. Rb5+ Kc2 67. Re5 Kd2 68. Kd4 Qh3 69. Ra5 Ke2 70. Ra2+ Kf3 71. Rd2 Qf1 72. Rd3+ Kg4 73. Rd2 Qf3 74. Rd3 Qe4+ 75. Kc3 Kh3 76. Rd2 Qe3+ 77. Kc2 Qg1 78. Kd3 Qxh2 79. Rxh2+ Kxh2 80. g4 hxg4 81. Kd4 g3 82. Ke5 g2 83. Kxf5 g1Q 0-1

[Event "BCF-ch Week1 PM op"]
[Site "Coventry"]
[Date "2015.07.28"]
[Round "2"]
[White "Gartside, Carl"]
[Black "Mcgeeney, David B"]
[Result "1-0"]
[WhiteElo "1826"]
[BlackElo "1615"]
[PlyCount "113"]
[EventDate "2015.07.27"]
[EventType "swiss"]
[EventRounds "5"]
[EventCountry "ENG"]
[SourceTitle "EXT 2016"]
[Source "ChessBase"]
[SourceDate "2015.10.08"]
[SourceVersion "1"]
[SourceVersionDate "2015.10.08"]
[SourceQuality "1"]

1. e4 e5 2. c3 c5 3. d4 cxd4 4. cxd4 exd4 5. Nf3 Nc6 6. Nxd4 Nf6 7. Nc3 Bb4 8. Nxc6 Bxc3+ 9. bxc3 dxc6 10. Qxd8+ Kxd8 11. f3 h6 12. Bf4 Re8 13. 0-0-0+ Bd7 14. Bc4 Ng8 15. Bxf7 Rf8 16. Be6 Rxf4 17. Rxd7+ Ke8 18. Rxg7 Ne7 19. Rh7 Ng6 20. Rxh6 Rf6 21. Bf5 Kf7 22. Rxg6 Rxg6 23. Bxg6+ Kxg6 24. Rd1 Kf6 25. Kc2 Ke6 26. g3 Rf8 27. f4 Rh8 28. h4 Rg8 29. Rd3 b5 30. a3 c5 31. h5 c4 32. Re3 Kf6 33. Kd2 Kg7 34. g4 Kh6 35. Rg3 a5 36. e5 Rb8 37. e6 b4 38. axb4 axb4 39. cxb4 Kg7 40. Kc3 Kf6 41. f5 Rc8 42. h6 Kg5 43. h7 Rh8 44. Kxc4 Rxh7 45. Re3 Re7 46. Re4 Kf6 47. b5 Rc7+ 48. Kd5 Ke7 49. b6 Rc1 50. Rb4 Rd1+ 51. Ke5 Re1+ 52. Kf4 Rf1+ 53. Kg5 Rf3 54. b7 Rf1 55. f6+ Rxf6 56. b8Q Rf5+ 57. Kh4 1-0

[Event "BCF-ch Week1 PM op"]
[Site "Aberystwyth"]
[Date "2014.07.25"]
[Round "5"]
[White "Winter, Malcolm J"]
[Black "Gartside, Carl"]
[Result "0-1"]
[WhiteElo "1542"]
[BlackElo "1803"]
[PlyCount "136"]
[EventDate "2014.07.21"]
[EventType "swiss"]
[EventRounds "5"]
[EventCountry "WLS"]
[SourceTitle "EXT 2017"]
[Source "ChessBase"]
[SourceDate "2016.10.25"]
[SourceVersion "1"]
[SourceVersionDate "2016.10.25"]
[SourceQuality "1"]

1. d4 e6 2. Nf3 Nf6 3. e3 c5 4. c3 d5 5. Bd3 Be7 6. 0-0 0-0 7. Nbd2 b6 8. e4 Ba6 9. Bxa6 Nxa6 10. Qe2 Nb8 11. e5 Nfd7 12. Re1 Nc6 13. Nb3 Qc7 14. Bf4 a5 15. a4 Rfc8 16. Rec1 Qb7 17. Nbd2 cxd4 18. Nxd4 Nxd4 19. cxd4 Rc6 20. Rxc6 Qxc6 21. Nf3 Rc8 22. Rc1 Qb7 23. Rc2 Nb8 24. Qd3 Rxc2 25. Qxc2 Nc6 26. h3 h6 27. Be3 Nb4 28. Qb3 Qa6 29. Qc3 Bf8 30. Ne1 Qc4 31. Qxc4 dxc4 32. Kf1 Nd5 33. Bd2 Bb4 34. Ke2 c3 35. Bc1 cxb2 36. Bxb2 Bxe1 37. Kxe1 h5 38. Kd2 Kf8 39. g3 Ke8 40. Kd3 Kd7 41. Kc4 Kc6 42. Ba3 g6 43. Bc1 Ne7 44. g4 Nd5 45. f4 hxg4 46. hxg4 Nc7 47. Bb2 b5+ 48. axb5+ Nxb5 49. f5 a4 50. fxg6 fxg6 51. Ba1 a3 52. Kd3 Kd5 53. Ke3 g5 54. Kd3 a2 55. Ke3 Na3 56. Kd3 Nb5 57. Bb2 Nc7 58. Ba1 Na6 59. Bc3 Nb8 60. Ba1 Nd7 61. Bb2 Nf8 62. Ba1 Ng6 63. Ke3 Nf4 64. Bb2 Kc4 65. Ba1 Kb3 66. Ke4 Kc2 67. d5 Nxd5 68. Kd4 Kb1 0-1

[Event "BCF-ch U180"]
[Site "Aberystwyth"]
[Date "2014.07.23"]
[Round "3"]
[White "Fallowfield, Nicholas"]
[Black "Gartside, Carl"]
[Result "1-0"]
[WhiteElo "176"]
[BlackElo "147"]
[PlyCount "53"]
[EventDate "2014.07.21"]
[EventType "swiss"]
[EventRounds "5"]
[EventCountry "WLS"]
[SourceTitle "EXT 2017"]
[Source "ChessBase"]
[SourceDate "2016.10.25"]
[SourceVersion "1"]
[SourceVersionDate "2016.10.25"]
[SourceQuality "1"]

1. Nf3 Nf6 2. c4 Nc6 3. d4 e6 4. Nc3 Bb4 5. Qc2 d6 6. e3 0-0 7. Be2 e5 8. d5 Nb8 9. a3 Bxc3+ 10. Qxc3 a5 11. b4 axb4 12. axb4 Rxa1 13. Qxa1 c6 14. dxc6 Nxc6 15. Qb1 Qb6 16. b5 Be6 17. Bd2 Rc8 18. Ng5 Na5 19. Nxe6 fxe6 20. Qb4 Ra8 21. 0-0 Ne8 22. Ra1 Nc6 23. Qb1 Rxa1 24. Qxa1 Qa7 25. Qxa7 Nxa7 26. Ba5 Kf7 27. Bf3 1-0

[Event "BCF-ch Week1 PM op"]
[Site "Aberystwyth"]
[Date "2014.07.23"]
[Round "3"]
[White "Shaw, Meyrick"]
[Black "Gartside, Carl"]
[Result "1-0"]
[WhiteElo "1948"]
[BlackElo "1803"]
[PlyCount "47"]
[EventDate "2014.07.21"]
[EventType "swiss"]
[EventRounds "5"]
[EventCountry "WLS"]
[SourceTitle "EXT 2017"]
[Source "ChessBase"]
[SourceDate "2016.10.25"]
[SourceVersion "1"]
[SourceVersionDate "2016.10.25"]
[SourceQuality "1"]

1. d4 e6 2. g3 d5 3. Bg2 c5 4. Nf3 Nf6 5. c3 Nc6 6. 0-0 Be7 7. b3 0-0 8. Bb2 Qc7 9. Nbd2 e5 10. dxe5 Nxe5 11. Qc2 Bg4 12. Nxe5 Qxe5 13. e4 dxe4 14. c4 Qh5 15. Nxe4 Nxe4 16. Qxe4 Rfe8 17. Qxb7 Rad8 18. Bc6 Rb8 19. Qxa7 Bf3 20. Bxf3 Qxf3 21. Rfe1 Rb7 22. Qa4 Rd8 23. Qa5 Rbd7 24. Rxe7 1-0

[Event "BCF-ch Week1 PM op"]
[Site "Aberystwyth"]
[Date "2014.07.22"]
[Round "2"]
[White "Van Kemenade, Rudy"]
[Black "Gartside, Carl"]
[Result "0-1"]
[WhiteElo "1964"]
[BlackElo "1803"]
[PlyCount "90"]
[EventDate "2014.07.21"]
[EventType "swiss"]
[EventRounds "5"]
[EventCountry "WLS"]
[SourceTitle "EXT 2017"]
[Source "ChessBase"]
[SourceDate "2016.10.25"]
[SourceVersion "1"]
[SourceVersionDate "2016.10.25"]
[SourceQuality "1"]

1. e4 e6 2. d3 d5 3. Qe2 Nf6 4. Nf3 c5 5. g3 Nc6 6. Bg2 Be7 7. 0-0 0-0 8. e5 Nd7 9. c4 d4 10. h4 Qc7 11. Bf4 Re8 12. Nbd2 Nf8 13. h5 b6 14. Ne4 Bb7 15. h6 g6 16. Nd6 Bxd6 17. exd6 Qd7 18. Ng5 f6 19. Ne4 Kf7 20. Bh3 Nd8 21. g4 e5 22. Bg3 g5 23. Qf3 Bxe4 24. Qxe4 Nde6 25. Bg2 Rad8 26. Qf5 Nf4 27. Qxd7+ Nxd7 28. Bxf4 exf4 29. Be4 Nf8 30. Rfe1 Ng6 31. d7 Rxd7 32. Bd5+ Kf8 33. Rxe8+ Kxe8 34. Bc6 Kd8 35. Bxd7 Kxd7 36. a4 a5 37. Kf1 Ne5 38. Ke2 Nxg4 39. Kf3 Ne5+ 40. Ke2 Ke6 41. f3 f5 42. Ra3 g4 43. fxg4 fxg4 44. Ra1 Kf5 45. Rh1 Kg5 0-1